000 00609nam a22002177a 4500
003 OSt
005 20140310181751.0
008 130627t xxu||||| |||| 00| 0 eng d
020 _a9789719413035
020 _a9789719413028
050 _aPL 6051
_b.Sa181 2009
082 _aFIL 499.21
_bC59 2009
100 _aSalumbides, Thelma Cleto
245 _aSalitang pinoy tagalog book 2 /
_cThelma Cleto-Salumbides.
260 _aPhilippines :
_bSalitang Pinoy Publishing,
_c2010.
300 _a188 p. :
_c23 cm.
650 _aLanguage
_xFilipino
942 _2lcc
_cBK
999 _c3207
_d3207